000
00302nam a2200109 4500
008
160702b xxu||||| |||| 00| 0 eng d
100
_9
1905
_a
Mandravanan, T.V
245
_a
Some More Short Stories
260
_a
N.D
_b
Children Book Trust
_c
1987
300
_a
Some More Short Stories
942
_2
ddc
_c
BK
999
_c
1607
_d
1607